000 00306nam a22001337a 4500
008 170508b xxu||||| |||| 00| 0 eng d
020 _a358347
041 _aeng
080 _a343,8
100 _a15
101 _aSHJ
245 _aTHE CRIMINAL JUSTICE SYSTEM: AN INTRODUCTION
_cWALDRON
942 _2udc
_cBK
999 _c12929
_d12929